[Event "Titled Tuesday intern op 15th Nov Early"]
[Site "Chess.com INT"]
[Date "2022.11.15"]
[Round "1"]
[White "Copeland, Sam S"]
[Black "Jarmula, Lukasz"]
[Result "0-1"]
[WhiteElo "2132"]
[BlackElo "2457"]
[PlyCount "34"]
[EventDate "2022.11.15"]
[EventType "swiss (blitz)"]
[EventRounds "11"]
[EventCountry "USA"]
[SourceTitle "CBM 211 Extra"]
[Source "ChessBase"]
[SourceDate "2023.01.31"]
[SourceVersion "1"]
[SourceVersionDate "2023.01.31"]
[SourceQuality "1"]

1. e4 c5 2. Nf3 d6 3. d4 cxd4 4. Nxd4 Nf6 5. Nc3 a6 6. Bg5 Nbd7 7. Bc4 Qb6 8. Bb3 e6 9. Qd2 Be7 10. f4 Nc5 11. Bxf6 Bxf6 12. 0-0-0 Bd7 13. g4 h6 14. h4 0-0-0 15. g5 hxg5 16. hxg5 Rxh1 17. Rxh1 Bxd4 0-1

[Event "Titled Tuesday intern op 15th Nov Early"]
[Site "Chess.com INT"]
[Date "2022.11.15"]
[Round "3"]
[White "Goltseva, Ekaterina"]
[Black "Copeland, Sam S"]
[Result "1-0"]
[WhiteElo "2265"]
[BlackElo "2132"]
[PlyCount "97"]
[EventDate "2022.11.15"]
[EventType "swiss (blitz)"]
[EventRounds "11"]
[EventCountry "USA"]
[SourceTitle "CBM 211 Extra"]
[Source "ChessBase"]
[SourceDate "2023.01.31"]
[SourceVersion "1"]
[SourceVersionDate "2023.01.31"]
[SourceQuality "1"]

1. Nf3 f5 2. d4 Nf6 3. g3 g6 4. Bg2 Bg7 5. 0-0 0-0 6. b3 d6 7. Bb2 a5 8. c4 Qe8 9. Nc3 Bd7 10. Re1 a4 11. bxa4 Bxa4 12. Qc1 Bc6 13. d5 Bd7 14. e4 fxe4 15. Nxe4 Na6 16. Nfg5 Nxe4 17. Nxe4 Qf7 18. f4 Bxb2 19. Qxb2 b6 20. Qe2 Rae8 21. Ng5 Qg7 22. Ne6 Bxe6 23. dxe6 Nc5 24. Bc6 Rb8 25. a4 Qd4+ 26. Kh1 Kg7 27. Rad1 Qc3 28. Rc1 Qd4 29. Red1 Qf6 30. Re1 Qd4 31. Qe3 Qxe3 32. Rxe3 Rf6 33. Rce1 h6 34. Kg2 Rbf8 35. h4 g5 36. hxg5 hxg5 37. fxg5 Rf2+ 38. Kg1 Rc2 39. Bd5 Rff2 40. Rf1 Rxf1+ 41. Kxf1 Nxa4 42. Rf3 Nc5 43. Rf7+ Kg6 44. Rxe7 Kxg5 45. Rxc7 Nd3 46. e7 Rf2+ 47. Kg1 Re2 48. Bf7 Nc5 49. e8Q 1-0

[Event "Charlotte op"]
[Site "Charlotte"]
[Date "2020.01.01"]
[Round "1"]
[White "Korley, Kassa"]
[Black "Copeland, Sam S"]
[Result "1-0"]
[WhiteElo "2416"]
[BlackElo "2128"]
[PlyCount "53"]
[EventDate "2020.01.01"]
[EventType "swiss"]
[EventRounds "9"]
[EventCountry "USA"]
[SourceTitle "CBM 194 Extra"]
[Source "ChessBase"]
[SourceDate "2020.03.31"]
[SourceVersion "1"]
[SourceVersionDate "2020.03.31"]
[SourceQuality "1"]

1. d4 Nf6 2. Nf3 e6 3. e3 d5 4. Be2 c5 5. 0-0 Nc6 6. b3 Be7 7. Bb2 0-0 8. Nbd2 Qc7 9. c4 Rd8 10. cxd5 Nxd5 11. Rc1 cxd4 12. Nxd4 Bd7 13. Bb5 Bf6 14. Nxc6 Bxc6 15. Bxf6 Nxf6 16. Bxc6 bxc6 17. Qc2 Rd5 18. Nf3 c5 19. e4 Rh5 20. Rfd1 Qf4 21. e5 Ne4 22. Qd3 f5 23. exf6 gxf6 24. g3 Qg4 25. Qe3 Rd5 26. h3 Qf5 27. g4 1-0

[Event "Titled Tuesday intern op 5th March"]
[Site "Chess.com INT"]
[Date "2019.03.05"]
[Round "1"]
[White "Aditya, Mittal"]
[Black "Copeland, Sam S"]
[Result "1-0"]
[WhiteElo "2454"]
[BlackElo "2128"]
[PlyCount "53"]
[EventDate "2019.03.05"]
[EventType "swiss (blitz)"]
[EventRounds "10"]
[EventCountry "USA"]
[SourceTitle "EXT 2021"]
[Source "ChessBase"]
[SourceDate "2020.10.23"]
[SourceVersion "1"]
[SourceVersionDate "2020.10.23"]
[SourceQuality "1"]

1. d4 Nf6 2. c4 c5 3. d5 e6 4. Nc3 exd5 5. cxd5 g6 6. e4 d6 7. Bf4 a6 8. a4 Bg7 9. Nf3 0-0 10. Be2 Qe7 11. Nd2 Nbd7 12. 0-0 Ne5 13. h3 Bd7 14. Bh2 c4 15. f4 Nd3 16. Nxc4 Nc5 17. e5 Nfe4 18. Nxe4 Nxe4 19. Bf3 Rfc8 20. Nb6 dxe5 21. Nxc8 Qc5+ 22. Kh1 Nf2+ 23. Rxf2 Qxf2 24. Bg1 Qg3 25. Nb6 Bxh3 26. Bh2 Qh4 27. Nxa8 1-0

[Event "US Masters op"]
[Site "Greensboro"]
[Date "2018.08.20"]
[Round "7"]
[White "Copeland, Sam S"]
[Black "Jacobson, Aaron"]
[Result "0-1"]
[WhiteElo "2148"]
[BlackElo "2254"]
[PlyCount "82"]
[EventDate "2018.08.17"]
[EventType "swiss"]
[EventRounds "9"]
[EventCountry "USA"]
[SourceTitle "CBM 186 Extra"]
[Source "ChessBase"]
[SourceDate "2018.08.24"]
[SourceVersion "1"]
[SourceVersionDate "2018.08.24"]
[SourceQuality "1"]

1. e4 e5 2. Nf3 Nc6 3. Bc4 Nf6 4. d4 exd4 5. 0-0 Nxe4 6. Re1 d5 7. Bxd5 Qxd5 8. Nc3 Qd7 9. Nxe4 Be7 10. Bg5 0-0 11. Bxe7 Qxe7 12. Nxd4 Bd7 13. Qh5 Rae8 14. Nf3 Qb4 15. c3 Qxb2 16. Rad1 Bc8 17. Nfg5 Bf5 18. Nf6+ gxf6 19. Rxe8 fxg5 20. Qxg5+ Bg6 21. Rxf8+ Kxf8 22. Qh6+ Kg8 23. Re1 f6 24. Qe3 Qxa2 25. h4 Qd5 26. Qf4 Qd6 27. Qg4 Ne5 28. Qh3 Qd7 29. Qg3 Qg4 30. Qxg4 Nxg4 31. Re7 Ne5 32. f3 a5 33. Rxc7 b5 34. Kf2 a4 35. Ke3 a3 36. Ra7 Bb1 37. g4 a2 38. g5 fxg5 39. hxg5 Nc4+ 40. Kd4 Nd2 41. c4 bxc4 0-1

[Event "Titled Tuesday intern op 3rd July"]
[Site "Chess.com INT"]
[Date "2018.07.03"]
[Round "9"]
[White "Oparina, Karina"]
[Black "Copeland, Sam S"]
[Result "1-0"]
[WhiteElo "2196"]
[BlackElo "2148"]
[PlyCount "71"]
[EventDate "2018.07.03"]
[EventType "swiss (blitz)"]
[EventRounds "10"]
[EventCountry "USA"]
[SourceTitle "EXT 2021"]
[Source "ChessBase"]
[SourceDate "2020.10.23"]
[SourceVersion "1"]
[SourceVersionDate "2020.10.23"]
[SourceQuality "1"]

1. Nf3 f5 2. d4 Nf6 3. g3 g6 4. Bg2 Bg7 5. 0-0 0-0 6. c4 d6 7. Nc3 Qe8 8. d5 a5 9. Nd4 Na6 10. b3 Bd7 11. Bb2 Nc5 12. Qc2 c6 13. dxc6 bxc6 14. Rad1 Rc8 15. e3 Qf7 16. Nde2 g5 17. f4 Ng4 18. Qd2 h6 19. h3 Nf6 20. Nd4 Qg6 21. Kh2 g4 22. h4 Nfe4 23. Nxe4 fxe4 24. Ba3 Nb7 25. Ne2 Qf6 26. Rb1 Bf5 27. Bb2 Qf7 28. Bxg7 Qxg7 29. Nd4 Nc5 30. Qxa5 e5 31. fxe5 Qxe5 32. b4 Nd3 33. Qxe5 Nxe5 34. Nxf5 Nf3+ 35. Bxf3 gxf3 36. Ne7+ 1-0

[Event "Titled Tuesday intern op 5th June"]
[Site "Chess.com INT"]
[Date "2018.06.05"]
[Round "8"]
[White "Copeland, Sam S"]
[Black "Thakur, Akash"]
[Result "1/2-1/2"]
[WhiteElo "2148"]
[BlackElo "2325"]
[PlyCount "117"]
[EventDate "2018.06.05"]
[EventType "swiss (blitz)"]
[EventRounds "10"]
[EventCountry "USA"]
[SourceTitle "EXT 2021"]
[Source "ChessBase"]
[SourceDate "2020.10.23"]
[SourceVersion "1"]
[SourceVersionDate "2020.10.23"]
[SourceQuality "1"]

1. e4 e5 2. Nf3 Nc6 3. Bc4 Nf6 4. d4 exd4 5. 0-0 Nxe4 6. Re1 d5 7. Bxd5 Qxd5 8. Nc3 Qd7 9. Nxe4 Be7 10. Bg5 0-0 11. Bxe7 Qxe7 12. Nxd4 Nxd4 13. Qxd4 Bd7 14. Nc5 Be6 15. Nxb7 Qg5 16. Re5 Qf6 17. Rae1 Rfd8 18. Nxd8 Rxd8 19. Qc3 h6 20. a3 Qf4 21. R5e4 Qf5 22. R4e3 Rd7 23. Rg3 f6 24. Rge3 Bd5 25. Qd3 Qg5 26. Re8+ Kf7 27. Qg3 Qf5 28. h4 Qxc2 29. h5 Qf5 30. Qe3 Qxh5 31. Rb8 Kg6 32. Qe8+ Kg5 33. Qxh5+ Kxh5 34. Rb5 Kg6 35. Rd1 c6 36. Ra5 Re7 37. b4 h5 38. b5 Kh6 39. bxc6 Bxc6 40. Kh2 Re2 41. Kg1 Ra2 42. Rc1 Be4 43. Rcc5 g5 44. Ra6 Kg6 45. Rc7 g4 46. Raxa7 g3 47. Rg7+ Kf5 48. Rxg3 h4 49. Re3 Kf4 50. Ra4 f5 51. Rc3 Kg5 52. Rb4 Ra1+ 53. Kh2 Ra2 54. a4 Rxf2 55. Rc5 Rxg2+ 56. Kh3 Rg3+ 57. Kh2 Rg2+ 58. Kh3 Rg3+ 59. Kh2 1/2-1/2